Two bobies : (Record no. 7621)

MARC details
000 -LEADER
fixed length control field 01159nam a22003017a 4500
001 - CONTROL NUMBER
control field 7621
003 - CONTROL NUMBER IDENTIFIER
control field FISKH
005 - DATE AND TIME OF LATEST TRANSACTION
control field 20250826143013.0
008 - FIXED-LENGTH DATA ELEMENTS--GENERAL INFORMATION
fixed length control field 250728b cb ||||| |||| 00| 0 eng d
020 ## - INTERNATIONAL STANDARD BOOK NUMBER
International Standard Book Number 9780545496650
040 ## - CATALOGING SOURCE
Original cataloging agency FISKH
Language of cataloging eng
Transcribing agency FISKH
Modifying agency FISKH
050 ## - LIBRARY OF CONGRESS CALL NUMBER
Classification number SF426 .L37
082 ## - DEWEY DECIMAL CLASSIFICATION NUMBER
Classification number 636.0832
100 ## - MAIN ENTRY--PERSONAL NAME
Personal name Larson, Kirby
245 ## - TITLE STATEMENT
Title Two bobies :
Remainder of title A story of Hurricane Katrina, friendship , and survial /
Statement of responsibility, etc. By Kirby Larson and Mary Nethery : Illustrated by Jean Cassels
260 ## - PUBLICATION, DISTRIBUTION, ETC.
Place of publication, distribution, etc. New York :
Name of publisher, distributor, etc. Scholastic ,
Date of publication, distribution, etc. 2008.
300 ## - PHYSICAL DESCRIPTION
Extent 32 unnumbered pages :
Other physical details color illustrations ;
Dimensions 26 cm .
505 ## - FORMATTED CONTENTS NOTE
Formatted contents note T <br/>
520 ## - SUMMARY, ETC.
Summary, etc. Bobbi (the dog) and Bob Cat are the best of friends. When their hometown of New Orleans was struck by Hurricane Katrina, many lost everything. Bobbi and Bob Cat only survived by staying together. This is the story of their remarkable friendship.
521 8# - TARGET AUDIENCE NOTE
Target audience note 810 <br/>
Source Lexile AD <br/>
521 8# - TARGET AUDIENCE NOTE
Target audience note T <br/>
Source Raz-Plus <br/>
650 ## - SUBJECT ADDED ENTRY--TOPICAL TERM
Topical term or geographic name entry element Hurricane Katrina
Form subdivision Fiction
650 ## - SUBJECT ADDED ENTRY--TOPICAL TERM
Topical term or geographic name entry element All ages
Form subdivision Fiction
650 ## - SUBJECT ADDED ENTRY--TOPICAL TERM
Topical term or geographic name entry element Hurricanes
Form subdivision Fiction
700 ## - ADDED ENTRY--PERSONAL NAME
Personal name Cassels, Jean
Relator term Illustrator
942 ## - ADDED ENTRY ELEMENTS (KOHA)
Source of classification or shelving scheme Dewey Decimal Classification
Koha item type Books
Suppress in OPAC No
Holdings
Withdrawn status Lost status Source of classification or shelving scheme Damaged status Not for loan Collection Home library Current library Shelving location Date acquired Total Checkouts Full call number Barcode Date last seen Price effective from Koha item type Copy number
    Dewey Decimal Classification     Fiction Footprints International School Library Network Toul Tom Poung Campus Footprints International School Library Network Toul Tom Poung Campus TTP Secondary Fiction Bookshelves 07/28/2025   LAR 636.0832 SF426 .L37 FIS01614 07/28/2025 07/28/2025 Books  
    Dewey Decimal Classification     Fiction Footprints International School Library Network Toul Tom Poung Campus Footprints International School Library Network Toul Tom Poung Campus TTP Secondary Fiction Bookshelves 08/20/2025   LAR 636.0832 SF426 .L37 FIS02069 08/20/2025 08/20/2025 Books 2
    Dewey Decimal Classification     Fiction Footprints International School Library Network Toul Tom Poung Campus Footprints International School Library Network Toul Tom Poung Campus TTP Secondary Fiction Bookshelves 08/26/2025   LAR 636.0832 SF426 .L37 FISBK06070 08/26/2025 08/26/2025 Books 3